Derecho Mercantil (Registro nro. 13109)
[ vista simple ]
| 000 -Cabecera | |
|---|---|
| Campo de control de longitud fija | 00810nam a22003137a 4500 |
| 005 - Fecha y hora de la última transacción | |
| Campo de control | 20250819195532.0 |
| 008 - Elementos de longitud fija--Información general | |
| Campo de control de longitud fija | 210812b2019 xxu||||| |||| 00| 0 spa d |
| 020 ## - International Standard Book Number | |
| Número Internacional Estándar del Libro (ISBN) | 9786071736833 |
| 041 ## - Idioma | |
| Código de idioma | Español |
| 082 ## - Clasificación Decimal Dewey | |
| Número de clasificación | 346.07 S245d |
| 100 ## - Entrada principal--Autor personal | |
| Nombre personal | Sariñana, Enrique |
| 9 (RLIN) | 60938 |
| 245 ## - Título propiamente dicho | |
| Título | Derecho Mercantil |
| 250 ## - Edición | |
| Mención de edición | 8 edición |
| 260 ## - Pie de imprenta | |
| Lugar de publicación, distribución, etc. | México |
| 260 ## - Pie de imprenta | |
| Nombre del editor, distribuidor, etc. | Trillas |
| 260 ## - Pie de imprenta | |
| Fecha de publicación, distribución, etc. | 2019 |
| 300 ## - Descripción física | |
| Extensión | 176 páginas |
| 490 ## - Serie | |
| Título de la Serie | Dirección y Administración de Empresas |
| 650 ## - Materia general | |
| Temática (materia general) | DERECHO MERCANTIL |
| 650 ## - Materia general | |
| Temática (materia general) | COMERCIANTE |
| 650 ## - Materia general | |
| Temática (materia general) | SOCIEDAD ANÓNIMA |
| 650 ## - Materia general | |
| Temática (materia general) | SRL |
| 650 ## - Materia general | |
| Temática (materia general) | SOCIEDADES COOPERATIVAS |
| 650 ## - Materia general | |
| Temática (materia general) | TÍTULOS DE CRÉDITO |
| 650 ## - Materia general | |
| Temática (materia general) | OPERACIONES DE CRÉDITO |
| 650 ## - Materia general | |
| Temática (materia general) | OBLIGACIONES MERCANTILES |
| 650 ## - Materia general | |
| Temática (materia general) | CONTRATOS MERCANTILES |
| 942 ## - Punto de acceso adicional KOHA | |
| Tipo de ítem KOHA | Libro |
| Fuente del sistema de clasificación o colocación | Dewey Decimal Classification |
| Signatura completa | Código de barras | Programa Académico | Tipo de ítem |
|---|---|---|---|
| 346.07 S245d | 25398 | Dirección y Administración de Empresas | Libro |